[Event "FIN-chT 9798"]
[Site "Finland"]
[Date "1997.??.??"]
[Round "4"]
[White "Karttunen, Mika"]
[Black "Pikler, Tamas"]
[Result "1-0"]
[WhiteElo "2205"]
[BlackElo "2075"]
[PlyCount "89"]
[EventDate "1997.??.??"]
[EventType "team"]
[EventRounds "9"]
[EventCountry "FIN"]
[SourceTitle "EXT 2000"]
[Source "ChessBase"]
[SourceDate "1999.11.16"]
[SourceVersion "1"]
[SourceVersionDate "1999.11.16"]
[SourceQuality "1"]

1. Nf3 d5 2. g3 c6 3. Bg2 Bf5 4. d3 Nf6 5. Nbd2 Nbd7 6. 0-0 e6 7. Qe1 Bc5 8. e4 dxe4 9. dxe4 Bg6 10. Nh4 Qc7 11. Nb3 Bb6 12. Kh1 0-0-0 13. a4 a6 14. f4 Rhe8 15. Nxg6 hxg6 16. e5 Ng4 17. Bf3 Nh6 18. a5 Ba7 19. Nd2 Nf5 20. Nc4 Kb8 21. g4 Nd4 22. Be3 f6 23. Bxd4 Bxd4 24. c3 Ba7 25. Rd1 g5 26. Nd6 Re7 27. exf6 gxf6 28. Nf5 Rh7 29. Qxe6 Rdh8 30. h4 Qxf4 31. h5 Ne5 32. Nd4 Nxf3 33. Rxf3 Qe5 34. Qxe5+ fxe5 35. Ne6 e4 36. Rf6 e3 37. Kg2 Re7 38. Nxg5 Rg8 39. Rf5 Reg7 40. h6 Rg6 41. h7 Rh8 42. Rdf1 e2 43. Rf8+ Kc7 44. Rxh8 exf1Q+ 45. Kxf1 1-0

[Event "FIN-chT 9596"]
[Site "Finland"]
[Date "1996.??.??"]
[Round "8"]
[White "Houtsonen, Pedri"]
[Black "Pikler, Tamas"]
[Result "1-0"]
[WhiteElo "2125"]
[BlackElo "2080"]
[PlyCount "79"]
[EventDate "1995.??.??"]
[EventType "team"]
[EventRounds "11"]
[EventCountry "FIN"]
[SourceTitle "EXT 1998"]
[Source "ChessBase"]
[SourceDate "1997.11.17"]
[SourceVersion "1"]
[SourceVersionDate "1997.11.17"]
[SourceQuality "1"]

1. e4 c5 2. Nf3 Nc6 3. Bb5 g6 4. 0-0 Bg7 5. c3 Nf6 6. d4 cxd4 7. cxd4 Nxe4 8. d5 Nb8 9. Re1 Nd6 10. Bg5 f6 11. Bf4 Nxb5 12. a4 0-0 13. axb5 e5 14. Be3 d6 15. Bxa7 Bg4 16. Bb6 Qxb6 17. Rxa8 Qxb5 18. Nc3 Qxb2 19. Qd2 Qxd2 20. Nxd2 Na6 21. Rxf8+ Bxf8 22. Nde4 Kg7 23. Rb1 Bc8 24. Rb6 Nc5 25. Nxd6 Bxd6 26. Rxd6 Kf7 27. Rb6 Bd7 28. Nb5 Ke7 29. Na3 Ba4 30. Nb1 Bc2 31. Nc3 Bd3 32. f3 Ba6 33. Ne4 Nxe4 34. fxe4 f5 35. exf5 gxf5 36. Re6+ Kf7 37. Rxe5 Kf6 38. Re6+ Kf7 39. Rb6 Ke7 40. Kf2 1-0

[Event "FIN-chT 9596"]
[Site "Finland"]
[Date "1996.??.??"]
[Round "5"]
[White "Natri, Antero"]
[Black "Pikler, Tamas"]
[Result "1-0"]
[WhiteElo "2215"]
[BlackElo "2080"]
[PlyCount "73"]
[EventDate "1995.??.??"]
[EventType "team"]
[EventRounds "11"]
[EventCountry "FIN"]
[SourceTitle "EXT 1998"]
[Source "ChessBase"]
[SourceDate "1997.11.17"]
[SourceVersion "1"]
[SourceVersionDate "1997.11.17"]
[SourceQuality "1"]

1. d3 d5 2. Nf3 Bf5 3. c4 dxc4 4. Qa4+ Nd7 5. Qxc4 Nb6 6. Qc2 e6 7. g3 Nf6 8. Bg2 c6 9. 0-0 Be7 10. a4 a5 11. Nbd2 0-0 12. Qb3 Nfd7 13. Nc4 Nxc4 14. Qxc4 Bf6 15. Be3 Qe7 16. g4 Bg6 17. h4 h5 18. g5 Be5 19. Nxe5 Nxe5 20. Qc5 Qc7 21. f3 Nd7 22. Qc3 Nb6 23. Bc5 Nd5 24. Qd2 Rfd8 25. f4 b6 26. Bd4 Ne7 27. Be5 Qd7 28. Qc3 Nf5 29. Bxc6 Rac8 30. Bxd7 Rxc3 31. bxc3 Rxd7 32. Rab1 Rb7 33. e4 Nxh4 34. Bd4 Kh7 35. Kf2 f6 36. Kg3 fxg5 37. fxg5 1-0

[Event "Budapest FS04 IM-A"]
[Site "Budapest"]
[Date "1994.??.??"]
[Round "5"]
[White "Bukal, Vladimir Sr"]
[Black "Pikler, Tamas"]
[Result "1-0"]
[WhiteElo "2405"]
[BlackElo "2210"]
[PlyCount "80"]
[EventDate "1994.04.??"]
[EventType "tourn"]
[EventRounds "11"]
[EventCountry "HUN"]
[EventCategory "3"]
[SourceTitle "EXT 1997"]
[Source "ChessBase"]
[SourceDate "1996.11.15"]
[SourceVersion "1"]
[SourceVersionDate "1996.11.15"]
[SourceQuality "1"]

1. c4 c6 2. d4 d5 3. e3 Nf6 4. Nc3 e6 5. Nf3 Nbd7 6. Qc2 Bd6 7. Be2 0-0 8. 0-0 dxc4 9. Bxc4 e5 10. h3 Qe7 11. a3 a5 12. Ba2 Bb8 13. Bd2 exd4 14. exd4 Qd6 15. Rad1 Nb6 16. Bb1 g6 17. Bh6 Re8 18. Rfe1 Be6 19. Qc1 Nbd5 20. Ne4 Nxe4 21. Rxe4 Bc7 22. Rde1 Re7 23. Ba2 Rae8 24. Bg5 f6 25. Bh4 Kg7 26. Bg3 Qd7 27. Rxe6 Rxe6 28. Rxe6 Rxe6 29. Bxd5 Qxd5 30. Bxc7 Re7 31. Bf4 Re2 32. Bh6+ Kf7 33. Qf4 Rxb2 34. Qc7+ Ke8 35. Qxh7 Qf7 36. Qh8+ Kd7 37. Bg5 Ke6 38. Qd8 Qe7 39. Qg8+ Qf7 40. Qb8 Rb5 1-0

[Event "Budapest FS06 IM-A"]
[Site "Budapest"]
[Date "1994.??.??"]
[Round "10"]
[White "Eperjesi, Laszlo"]
[Black "Pikler, Tamas"]
[Result "1-0"]
[WhiteElo "2340"]
[BlackElo "2210"]
[PlyCount "49"]
[EventDate "1994.06.??"]
[EventType "tourn"]
[EventRounds "13"]
[EventCountry "HUN"]
[EventCategory "2"]
[SourceTitle "EXT 1997"]
[Source "ChessBase"]
[SourceDate "1996.11.15"]
[SourceVersion "1"]
[SourceVersionDate "1996.11.15"]
[SourceQuality "1"]

1. d4 d5 2. Nf3 c6 3. c4 Nf6 4. e3 e6 5. Nbd2 Be7 6. Bd3 0-0 7. 0-0 Nbd7 8. e4 dxe4 9. Nxe4 b6 10. Bf4 Nxe4 11. Bxe4 Bb7 12. Qe2 Bf6 13. Rfd1 Qe7 14. Ne5 Rac8 15. Qf3 Bxe5 16. dxe5 Ba8 17. Qd3 Rfd8 18. Bxh7+ Kf8 19. Qg3 Ke8 20. Qxg7 Nf8 21. Bg5 Rxd1+ 22. Rxd1 Qc7 23. Be4 c5 24. Bxa8 Rxa8 25. h4 1-0

[Event "Budapest FS05 IM"]
[Site "Budapest"]
[Date "1994.??.??"]
[Round "13"]
[White "Hoang, Thanh Trang"]
[Black "Pikler, Tamas"]
[Result "1/2-1/2"]
[WhiteElo "2260"]
[BlackElo "2210"]
[PlyCount "96"]
[EventDate "1994.05.??"]
[EventType "tourn"]
[EventRounds "13"]
[EventCountry "HUN"]
[EventCategory "2"]
[SourceTitle "EXT 1997"]
[Source "ChessBase"]
[SourceDate "1996.11.15"]
[SourceVersion "1"]
[SourceVersionDate "1996.11.15"]
[SourceQuality "1"]

1. d4 d5 2. c4 c6 3. Nf3 Nf6 4. Nc3 e6 5. e3 Nbd7 6. Qc2 Bd6 7. b3 0-0 8. Be2 dxc4 9. bxc4 Re8 10. 0-0 e5 11. Rd1 Qe7 12. Rb1 e4 13. Nd2 Nf8 14. a4 h5 15. Nf1 g6 16. d5 h4 17. a5 Qe5 18. dxc6 bxc6 19. Bb2 Qe7 20. Na2 Bf5 21. c5 Be5 22. Nb4 Bd7 23. Bxe5 Qxe5 24. Rd6 Qg5 25. Nxc6 Rac8 26. Nd4 Rxc5 27. Qd2 Bh3 28. g3 hxg3 29. hxg3 Ng4 30. Rb5 Rxb5 31. Nxb5 Re5 32. Rd8 Bxf1 33. Kxf1 Nh2+ 34. Kg1 Rxb5 35. Kxh2 Rb1 36. Kg2 Qh6 37. Bd1 Kh7 38. Qd5 Ne6 39. Rd7 Ng5 40. Rxf7+ Nxf7 41. Qxf7+ Qg7 42. Qd5 Qb7 43. Qd8 Rb2 44. Qf6 Rd2 45. Bg4 Qb2 46. Qe7+ Kh6 47. Qh4+ Kg7 48. Qe7+ Kh6 1/2-1/2

[Event "Budapest FS06 IM-A"]
[Site "Budapest"]
[Date "1994.??.??"]
[Round "2"]
[White "Payen, Arnaud"]
[Black "Pikler, Tamas"]
[Result "1-0"]
[WhiteElo "2300"]
[BlackElo "2210"]
[PlyCount "67"]
[EventDate "1994.06.??"]
[EventType "tourn"]
[EventRounds "13"]
[EventCountry "HUN"]
[EventCategory "2"]
[SourceTitle "EXT 1997"]
[Source "ChessBase"]
[SourceDate "1996.11.15"]
[SourceVersion "1"]
[SourceVersionDate "1996.11.15"]
[SourceQuality "1"]

1. e4 c5 2. Nf3 Nc6 3. d4 cxd4 4. Nxd4 Nf6 5. Nc3 d6 6. Bg5 e6 7. Qd2 Be7 8. 0-0-0 0-0 9. Nb3 Qb6 10. f3 Rd8 11. Kb1 Rd7 12. g4 Qd8 13. Bxf6 Bxf6 14. h4 Be7 15. g5 d5 16. exd5 Nb4 17. Bc4 a6 18. a3 b5 19. axb4 bxc4 20. Nc5 Bxc5 21. bxc5 Bb7 22. d6 Rc8 23. Na4 Bxf3 24. Qb4 Rb7 25. Nb6 Bxh1 26. Rxh1 Rc6 27. Rd1 Kf8 28. Rd4 Rcxb6 29. cxb6 Rxb6 30. Qc5 Rb8 31. d7+ Kg8 32. Qxc4 g6 33. Qxa6 Kg7 34. Qa7 1-0

[Event "Budapest FS05 IM"]
[Site "Budapest"]
[Date "1994.??.??"]
[Round "3"]
[White "Pikler, Tamas"]
[Black "Steiner, Bruno"]
[Result "1-0"]
[WhiteElo "2210"]
[BlackElo "2200"]
[PlyCount "75"]
[EventDate "1994.05.??"]
[EventType "tourn"]
[EventRounds "13"]
[EventCountry "HUN"]
[EventCategory "2"]
[SourceTitle "EXT 1997"]
[Source "ChessBase"]
[SourceDate "1996.11.15"]
[SourceVersion "1"]
[SourceVersionDate "1996.11.15"]
[SourceQuality "1"]

1. e4 e5 2. Nf3 Nc6 3. Bb5 a6 4. Ba4 Nf6 5. 0-0 Nxe4 6. d4 b5 7. Bb3 d5 8. dxe5 Be6 9. Be3 Be7 10. c3 0-0 11. Nbd2 Nc5 12. Bc2 Nd7 13. Bf4 f6 14. exf6 Bxf6 15. Nb3 Nde5 16. Nxe5 Bxe5 17. Bxe5 Nxe5 18. Bxh7+ Kxh7 19. Qh5+ Kg8 20. Qxe5 Bf7 21. Rfe1 Qd7 22. Nc5 Qg4 23. Qd4 Qf5 24. Re5 Qc2 25. Rae1 Rad8 26. R5e2 Qf5 27. h3 Rd6 28. Re5 Qc2 29. Nd3 Bg6 30. Re7 Rff6 31. Nf4 c5 32. Qe5 Qd2 33. g3 Qxb2 34. Re2 Qb1+ 35. Kh2 Be4 36. Ng2 Qd3 37. Re3 Rxf2 38. Qxg7# 1-0

[Event "Budapest FS04 IM-A"]
[Site "Budapest"]
[Date "1994.??.??"]
[Round "2"]
[White "Pikler, Tamas"]
[Black "Wohlfahrt, Herbert J"]
[Result "0-1"]
[WhiteElo "2210"]
[BlackElo "2250"]
[PlyCount "138"]
[EventDate "1994.04.??"]
[EventType "tourn"]
[EventRounds "11"]
[EventCountry "HUN"]
[EventCategory "3"]
[SourceTitle "EXT 1997"]
[Source "ChessBase"]
[SourceDate "1996.11.15"]
[SourceVersion "1"]
[SourceVersionDate "1996.11.15"]
[SourceQuality "1"]

1. e4 c5 2. Nf3 d6 3. d4 cxd4 4. Nxd4 Nf6 5. Nc3 a6 6. f4 Qc7 7. Bd3 g6 8. Nf3 Nc6 9. 0-0 Bg7 10. Qe2 Bg4 11. Be3 Nd7 12. Qf2 Bxf3 13. Qxf3 0-0 14. Qf2 Nb4 15. a3 Nxd3 16. cxd3 Bxc3 17. Rac1 Rfc8 18. Rxc3 Qd8 19. Rfc1 Rxc3 20. Rxc3 Rc8 21. Qc2 Rxc3 22. Qxc3 Nb8 23. b4 Nc6 24. Qc4 e6 25. g3 d5 26. exd5 Qxd5 27. Qxd5 exd5 28. Kf2 Kg7 29. Bc5 Kf6 30. g4 h5 31. h3 hxg4 32. hxg4 Ke6 33. Ke3 f6 34. Bd4 Nd8 35. Bc3 Nf7 36. Kd4 Kd6 37. Ke3 f5 38. gxf5 gxf5 39. Bg7 Nd8 40. Be5+ Kc6 41. a4 Ne6 42. d4 Kd7 43. Kd3 Nf8 44. b5 axb5 45. axb5 Ke6 46. Kc3 Nd7 47. Kb4 Kf7 48. Kc3 Kg6 49. Kd3 Kh5 50. Ke3 Kg4 51. Bc7 Nf8 52. Bd6 Ng6 53. Be5 Nh4 54. Kf2 Ng6 55. Ke3 Kg3 56. b6 Kg4 57. Bd6 Kg3 58. Be5 Nf8 59. Bd6 Ne6 60. Be5 Kg4 61. Bd6 Kh5 62. Be5 Kg6 63. Kf3 Kf7 64. Kg3 Nd8 65. Kh4 Kg6 66. Bc7 Nc6 67. Be5 Kf7 68. Kg5 Ke6 69. Kg6 Nxe5+ 0-1

[Event "Budapest Spring op 10th"]
[Site "Budapest"]
[Date "1994.??.??"]
[Round "1"]
[White "Soffer, Ram"]
[Black "Pikler, Tamas"]
[Result "1-0"]
[WhiteElo "2520"]
[BlackElo "2210"]
[PlyCount "81"]
[EventDate "1994.03.??"]
[EventType "swiss"]
[EventRounds "9"]
[EventCountry "HUN"]
[SourceTitle "EXT 1997"]
[Source "ChessBase"]
[SourceDate "1996.11.15"]
[SourceVersion "1"]
[SourceVersionDate "1996.11.15"]
[SourceQuality "1"]

1. c4 c6 2. d4 d5 3. Nf3 Nf6 4. Nc3 e6 5. e3 Nbd7 6. Bd3 dxc4 7. Bxc4 b5 8. Be2 Bb7 9. 0-0 Be7 10. Qc2 b4 11. Na4 0-0 12. Bd2 a5 13. a3 bxa3 14. bxa3 c5 15. dxc5 Be4 16. Qc3 Qc7 17. Nd4 Nxc5 18. Rac1 Nd5 19. Qa1 Rfc8 20. Nxc5 Bxc5 21. Nb3 Qe7 22. Rxc5 Rxc5 23. Nxc5 Qxc5 24. Rc1 Qb6 25. Rc4 Bg6 26. Qc1 h6 27. e4 Nf6 28. Be3 Qb3 29. f3 Rb8 30. Kf2 Qa2 31. Rc2 Qb3 32. Bd4 Ne8 33. Qb2 Qxb2 34. Rxb2 Rxb2 35. Bxb2 Nd6 36. Bd4 f6 37. Bb6 a4 38. Bc7 Nb7 39. Bb5 Kf8 40. Bc6 Nc5 41. Bd6+ 1-0